النفد المنهجي عند العرب ومنهج البحث في الأدب واللغة / (Record no. 8040)
[ view plain ]
| 000 -الفاتح | |
|---|---|
| حقل البيانات ثابتة الطول | 01363nac a22003011u 4500 |
| 003 - محدد رقم الضبط | |
| رقم الضبط | EG-ScBUE |
| 005 - وقت وتاريخ اخر تعامل مع التسجيلة | |
| رقم الضبط | 20200119115453.0 |
| 008 - عناصر البيانات ثابتة الطول - معلومات عامة | |
| حقل البيانات ثابتة الطول | 120422s1972 ua f b 000 0 ara d |
| 040 ## - مصدر الفهرسة | |
| وكالة الفهرسة الأصلية | EG-ScBUE |
| لغة الفهرسة | ara |
| قواعد الوصف | rda |
| وكالة النسخ | EG-ScBUE |
| وكالة التعديل | EG-ScBUE |
| 041 1# - رمز اللغة | |
| رمز لغة النص/ المسارات الصوتية أو العنوان الانفرادي | ara |
| رمز لغة الترجمات و/او الاصلية المتوسطة للنص | fre |
| 082 04 - رقم تصنيف ديوى العشرى | |
| رقم التصنيف | 892.709 |
| رقم المادة | م ن د |
| رقم الطبعة | 22 |
| 100 1# - المدخل الرئيسى - إسم شخصى | |
| الإسم الشخصى | مندور، محمد، |
| التواريخ المصاحبة للاسم | 1907-1965، |
| الدور | مؤلف. |
| 9 (RLIN) | 29687 |
| 245 12 - بيان العنوان | |
| العنوان | النفد المنهجي عند العرب ومنهج البحث في الأدب واللغة / |
| بيان المسئوليه,etc | الدكتور محمد مندور ؛ مترجم عن الأستاذين لانسون، ماييه. |
| 264 #1 - النشر، التوزيع | |
| مكان الناشر او الموزع | القاهرة : |
| اسم الناشر او الموزع | دار نهضة مصر للطبع والنشر، |
| تاريخ النشر أو التوزيع | [1972] |
| 300 ## - الوصف المادى | |
| التعداد | 477 صفحة ؛ |
| أبعاد الوعاء | 22 سم |
| 336 ## - نوع المحتوى | |
| source | rdacontent |
| Carrier Type Term | نص |
| Content Type Code | txt |
| 337 ## - نوع الوسيط | |
| source | rdamedia |
| Media Type Term | بدون وسيط |
| Media Type Code | n |
| 338 ## - نوع الحامل أو الناقل | |
| source | rdacarrier |
| Carrier Type Term | مجلد |
| Carrier Type Code | nc |
| 504 ## - تبصرة ببليوجرافية | |
| تبصرة ببليوجرافية,الخ | يشتمل على إرجاعات ببليوجرافية. |
| 546 ## - تبصرة اللغة | |
| تبصرة اللغة | النص باللغة العربية وتم ترجمته من اللغة الفرنسية. |
| 590 ## - تبصرة محلية(RLIN) | |
| تبصرة محلية | ايمان كامل |
| 650 #7 - المدخل الاضافى بالموضوع-مصطلح موضوعى | |
| مصطلح موضوعي أو اسم جغرافي كعنصر مدخل | الأدب العربي |
| التقسيم الفرعي العام | تاريخ ونقد. |
| مصدر الرأس أو المصطلح | BUEsh |
| 9 (RLIN) | 13631 |
| 653 ## - مصطلح تكشيفى غير مقيد | |
| Arrived date list | April2012 |
| Resource For college | Arabic Literature |
| 655 ## - مصطلح تكشيفى-نوع/شكل | |
| التقسيم الفرعي الشكلي | Reading book |
| 700 1# - المدخل الاضافى - اسم شخصى | |
| الإسم الشخصى | لانسون، جوستاف، |
| التواريخ المصاحبة للاسم | 1857-1934، |
| الدور | مترجم. |
| 9 (RLIN) | 29688 |
| 700 1# - المدخل الاضافى - اسم شخصى | |
| الإسم الشخصى | ماييه، أنطوان، |
| الدور | مترجم. |
| 9 (RLIN) | 29689 |
| 942 ## - عناصر المدخل الإضافي( كوها) | |
| Koha [default] item type | Book - Borrowing |
| سابقة رقم الطلب | 892.709 م ن د |
| مصدر التصنيف او مخطط الترفيف | Dewey Decimal Classification |
| حالة التراجع | حالة الفقد | مصدر التصنيف او خطة الترفيف | حالة تلف | ليس للاعارة | مجموعات كوها | المكان الدائم | المكان الحالي | موقع الترفيف | تاريخ الاكتساب | Source of acquisition | رقم الاستدعاء | الباركود | Date last seen | نوع الوعاء |
|---|---|---|---|---|---|---|---|---|---|---|---|---|---|---|
| Dewey Decimal Classification | Alef-Baa | Central Library | Central Library | Second Floor | 19/02/2008 | Purchase | 892.709 م ن د | 000009826 | 15/07/2025 | Book - Borrowing |